Fundamentals of Microbiology (Record no. 1190)

MARC details
000 -LEADER
fixed length control field 00579nam a22002177a 4500
003 - CONTROL NUMBER IDENTIFIER
control field OSt
005 - DATE AND TIME OF LATEST TRANSACTION
control field 20180928144717.0
008 - FIXED-LENGTH DATA ELEMENTS--GENERAL INFORMATION
fixed length control field 150320b xxu||||| |||| 00| 0 eng d
020 ## - INTERNATIONAL STANDARD BOOK NUMBER
International Standard Book Number 9781449688615
020 ## - INTERNATIONAL STANDARD BOOK NUMBER
International Standard Book Number 1449688616
040 ## - CATALOGING SOURCE
Transcribing agency DNLM
082 ## - DEWEY DECIMAL CLASSIFICATION NUMBER
Classification number QW4 P771f 2014
Item number q
100 ## - MAIN ENTRY--PERSONAL NAME
Personal name Pommerville, Jeffrey C.
9 (RLIN) 3231
245 ## - TITLE STATEMENT
Title Fundamentals of Microbiology
250 ## - EDITION STATEMENT
Edition statement 10th ed.
260 ## - PUBLICATION, DISTRIBUTION, ETC. (IMPRINT)
Place of publication, distribution, etc. Burlington;
Name of publisher, distributor, etc. Jones & Bartlett,
Date of publication, distribution, etc. 2014
300 ## - PHYSICAL DESCRIPTION
Other physical details xxxi,845p;
Dimensions 28cm, col. ill
504 ## - BIBLIOGRAPHY, ETC. NOTE
Bibliography, etc Appendix, Glossary & index
650 ## - SUBJECT ADDED ENTRY--TOPICAL TERM
Topical term or geographic name as entry element Microbiology
9 (RLIN) 749
942 ## - ADDED ENTRY ELEMENTS (KOHA)
Source of classification or shelving scheme Other/Generic Classification Scheme
Koha item type Open Shelf
Holdings
Withdrawn status Lost status Source of classification or shelving scheme Damaged status Not for loan Home library Current library Date acquired Source of acquisition Inventory number Total Checkouts Full call number Barcode Date last seen Koha item type Date last checked out
    Other/Generic Classification Scheme     MUST Main Library MUST Main Library 20/03/2015   15/38958   QW4 P771f 2014 q 2015-0532 20/03/2015 Open Shelf  
    Other/Generic Classification Scheme     MUST Main Library MUST Main Library 20/03/2015   15/38959 4 QW4 P771f 2014 q 2015-0533 08/12/2023 Open Shelf 10/11/2023